书目信息 |
| 题名: |
香港方物志
|
|
| 作者: | 叶灵凤 著 | |
| 分册: | ||
| 出版信息: | 上海 三联出版社 1985.12 |
|
| 页数: | 311页 | |
| 开本: | 19cm | |
| 丛书名: | ||
| 单 册: | ||
| 中图分类: | K296.58 | |
| 科图分类: | ||
| 主题词: | 香港--地方史 , 香港--地方志 | |
| 电子资源: | ||
| ISBN: | ||
| 000 | 00543nam0 2200205 45 | |
| 001 | 0405171564 | |
| 005 | 20050419171218.7 | |
| 010 | @dCNY1.60 | |
| 100 | @a20040517d1985 km y0chiy0120 ea | |
| 101 | 0 | @achi |
| 105 | @a z 000yy | |
| 200 | 1 | @a香港方物志@AXiang Gang Fang Wu Zhi@f叶灵凤著@FYe Ling Feng Zhu |
| 210 | @a上海@c三联出版社@d1985.12 | |
| 215 | @a311页@d19cm | |
| 606 | 0 | @a香港@x地方史 |
| 606 | 0 | @a香港@x地方志 |
| 690 | @aK296.58@v3 | |
| 701 | 0 | @a叶灵凤@4著 |
| 801 | @aCN@bPftUser@c20040517 | |
| 905 | @dK296.58@e65@b164971@f1 | |
| 香港方物志/叶灵凤著.-上海:三联出版社,1985.12 |
| 311页;19cm |
| ISBN :CNY1.60 |
| ● |
| 相关链接 |
|
|
|
|
正题名:香港方物志
索取号:K296.58/65
 
预约/预借
| 序号 | 登录号 | 条形码 | 馆藏地/架位号 | 状态 | 备注 |
| 1 | 0164971 | 002034373 | 第二样本阅览室/ [索取号:K296.58/65] | 在馆 | |
| 2 | 0164972 | 001581274 | 密集书库/ [索取号:K296.58/65] | 在馆 | |
| 3 | 0164973 | 001581283 | 第二借阅区/ [索取号:K296.58/65] | 在馆 |